| 000 | 00527nam a2200121Ia 4500 | ||
|---|---|---|---|
| 008 | 220621s9999||||xx |||||||||||||| ||und|| | ||
| 100 | _aNoreen Sher Akbar||O. Anwar Beg | ||
| 245 | 0 | _aModeling and Simulation in Engineering Sciences | |
| 546 | _aEnglish[eng] | ||
| 650 | _aPhysical Sciences||Engineering and Technology||Computer and Information Science||Computer Simulation||Numerical Analysis and Scientific Computing | ||
| 856 | _uhttps://www.intechopen.com/books/modeling-and-simulation-in-engineering-sciences | ||
| 942 | _cEB | ||
| 999 |
_c35991 _d35991 |
||